000 00707nam a2200181Ia 4500
008 090124s9999 xx 000 0 und d
082 _b7358
100 _aमंगरुऴकर नाराय़ण
245 _a वैदर्भीय़ संगीतोपासक भाग 1
250 _a1
260 _bविजय़ा मंगरुऴकर
_c1974
300 _a155
600 _aमंगरुऴकर नाराय़ण
630 _a वैदर्भीय़ संगीतोपासक भाग 1
700 _aमंगरुऴकर नाराय़ण
730 _a वैदर्भीय़ संगीतोपासक भाग 1
942 _cBOOK
999 _c85538
_d85538